| 000 -LEADER |
| fixed length control field |
00376nam a22001577a 4500 |
| 003 - CONTROL NUMBER IDENTIFIER |
| control field |
OSt |
| 008 - FIXED-LENGTH DATA ELEMENTS--GENERAL INFORMATION |
| fixed length control field |
110524b xxu||||| |||| 00| 0 eng d |
| 020 ## - INTERNATIONAL STANDARD BOOK NUMBER |
| International Standard Book Number |
9780961647612 |
| 041 ## - LANGUAGE CODE |
| Language code of text/sound track or separate title |
eng |
| 050 00 - LIBRARY OF CONGRESS CALL NUMBER |
| Classification number |
87090829 |
| 082 00 - DEWEY DECIMAL CLASSIFICATION NUMBER |
| Classification number |
388.4/6/0973 |
| 100 1# - MAIN ENTRY--PERSONAL NAME |
| Personal name |
Gross, Joseph |
| 245 10 - TITLE STATEMENT |
| Title |
Trolley and Interurban Directory, The |
| 260 ## - PUBLICATION, DISTRIBUTION, ETC. (IMPRINT) |
| Place of publication, distribution, etc. |
Spencerport, N.Y. |
| Name of publisher, distributor, etc. |
J. Gross |
| 300 ## - PHYSICAL DESCRIPTION |
| Extent |
212 pages |